000 00501nmm a2200169Ia 4500
008 251105s9999||||xx |||||||||||||||||und||
020 _a9788499677903
041 _aspa
100 _aFrutos Dávalos, Alberto de
245 0 _aBreve historia de la Literatura española
264 _a[Madrid, España] :
_bEdiciones Nowtilus,
_c2016
300 _a320 páginas
490 _aBreve historia
650 _aHistory (General)
856 _uhttps://public.digitaliapublishing.com/a/171803
942 _cCF
999 _c93171
_d93171